Concise chemical and technical dictionary

Uloženo v:
Podrobná bibliografie
Hlavní autor: Bennett, H (Autor)
Médium: Kniha
Jazyk:angličtina
Vydáno: Nueva York Chemical Publishing 1962
Vydání:2a. ed
Témata:
Tagy: Přidat tag
Žádné tagy, Buďte první, kdo vytvoří štítek k tomuto záznamu!

MARC

LEADER 00000nam a2200000 a 4500
001 UCR4925
003 CL-VaPUC
008 980320e19620000US |||||||||||||||||eng|d
082 0 4 |a 540  |b BEN  |2 21 
100 0 |a Bennett, H  |e author  |9 405494 
245 1 0 |a Concise chemical and technical dictionary 
250 |a 2a. ed 
300 |a 1078 p 
942 |c BK 
945 |d 19980320 00:00:00  |a crobeson 
260 |a Nueva York  |b Chemical Publishing  |c 1962 
650 0 |a Diccionarios  |9 256200 
650 0 |a Química  |9 259896 
650 0 |a Tecnología  |9 256742 
583 |a last modification  |c 19980320 00:00:00  |k Rodrigo Vera 
999 |c 267707  |d 267705 
952 |0 0  |1 0  |4 0  |6 540_000000000000000_BEN_1962  |7 0  |8 A  |9 300209  |a BIBALI  |b BIBALI  |c REF  |d 2019-11-20  |i 1968394  |o 540 BEN 1962  |p 1968394  |r 2025-01-20  |w 2019-11-20  |y BK_F  |k ALI